| 000 | 00368nam a22001217a 4500 | ||
|---|---|---|---|
| 040 | _cNust | ||
| 082 |
_a297.02 _bNAS |
||
| 100 |
_aAllama Nasir Uddin Nasir Madani _9127923 |
||
| 245 | _aتذکرۃ الانبیاء مع حیات | ||
| 260 |
_aLahore: _bQadri Brothers Bookstall, _c2007. |
||
| 650 |
_aتذکرۃ الانبیاء مع حیات _9127924 |
||
| 942 |
_2ddc _cBK |
||
| 999 |
_c612934 _d612934 |
||